MARC

LEADER 00000nas a2200000 a 4500
001 ssj0000637
003 WaSeSS
005 20200512172242.0
006 m d
007 cr n
008 010216c19589999cauqr pssdo 0 a0eng c
010 |a  2001214639 
016 7 |a 2047574-3  |2 DE-600 
022 |a 1533-8630  |l 0015-1386  |y 0015-1386 
035 |a (WaSeSS)ssj0000637 
037 |b University of California Press, 2000 Center St., Ste. 303, Berkeley, CA 94704-1223  |c $76.00 (institution) 
040 |a NSD  |b eng  |c NSD  |d OCLCQ  |d NSD  |d OCLCQ  |d EYM  |d HUL  |d MUQ  |d EEM  |d OCLCQ  |d DLC  |d OCLCF  |d OCLCO  |d OCLCQ  |d DEBBG  |d GILDS  |d AU@  |d VT2  |d OCLCO  |d NJT  |d WaSeSS 
042 |a nsdp  |a pcc 
050 1 4 |a PN1993 
082 1 0 |a 791  |2 13 
130 0 |a Film quarterly (Online) 
222 0 |a Film quarterly  |b (Online) 
245 1 0 |a Film quarterly  |h [electronic resource]. 
260 |a Berkeley, CA :  |b University of California Press,  |c 1958- 
310 |a Quarterly 
362 0 |a Vol. 12, no. 1 (fall 1958)- 
500 |a Title from title screen (JSTOR, viewed Aug. 12, 2004). 
506 |a License restrictions may limit access. 
538 |a Mode of access: World Wide Web. 
588 |a Latest issue consulted: Vol. 54, no. 3 (spring 2001) (viewed May 6, 2004). 
650 0 |a Motion pictures  |v Periodicals. 
650 0 |a Radio  |v Periodicals. 
650 0 |a Television  |v Periodicals. 
650 6 |a Cinéma  |v Périodiques. 
650 6 |a Radio  |v Périodiques. 
650 6 |a Télévision  |v Périodiques. 
650 7 |a Motion pictures.  |2 fast  |0 (OCoLC)fst01027285 
650 7 |a Radio.  |2 fast  |0 (OCoLC)fst01087053 
650 7 |a Television.  |2 fast  |0 (OCoLC)fst01146535 
655 0 |a Electronic journals. 
776 1 |t Film quarterly  |x 0015-1386  |w (DLC) 45005270  |w (OCoLC)1569205 
780 0 0 |t Quarterly of film, radio, and television (Online)  |x 2328-9953  |w (DLC) 2004236889  |w (OCoLC)56138099 
856 4 0 |z Full text available from Research Library: 10/01/2000 to 12/31/2012  |u https://search.proquest.com/publication/40893